000
00442nam a22001337a 4500
008
230519b |||||||| |||| 00| 0 eng d
020
_a
978-99936-777-1-1
082
_a
954.98
100
_a
The National Museum of Bhutan
245
_a
འབྲུག་གི་དངོས་ཅན་དང་དངོས་མེད་ལམ་སྲོལ།
300
_a
553 p.
_c
23 cm
942
_2
ddc
999
_c
9565
_d
9566